000 00799nam a2200277 a 4500
003 AR-BaBNM
005 20251128205053.0
008 082120s2002 ||||||||||||||000 | spa||
020 _a84-375-0306-X
040 _cAR-BaBNM
100 1 _aHegel, Georg Wilhelm Friedrich
245 0 0 _aEscritos pedagógicos
250 _a1ª ed.
260 _aMadrid
_bFondo de Cultura Económica
_c1991
300 _a188 p.
490 0 _aSección de obras de filosofía. Escritos pedagógicos
500 _aContiene referencias bibliográficas en notas a pie de página
650 4 _aHISTORIA DE LA EDUCACION
650 4 _aSIGLO DIECINUEVE
650 4 _aPEDAGOGIA
650 4 _aFILOSOFIA DE LA EDUCACION
651 4 _aEuropa
700 1 _aGinzo, Arsenio
_etraductor
942 _cBK
998 _cSILVI
999 _c9864
_d9864